Fluglinien mit meisten Passagieren - Statistiken

Allgemein
  • Dieses Quiz wurde 307 mal gespielt
  • Das Durchschnittsergebnis liegt bei 7 aus 15
Antwortstatistiken
Hint Antwort % Korrekt
67,006 Lufthansa
99%
60,526 Emirates
75%
144,863 American Airlines
70%
47,868 Air France
68%
128,907 Ryanair
64%
145,931 Delta Air Lines
54%
107,263 United Airlines
54%
66,401 Turkish Airlines
46%
77,307 EasyJet
32%
157,677 Southwest Airlines
29%
58,054 ANA
22%
92,0 China Southern Airlines
21%
87,657 China Eastern Airlines
14%
66,045 LATAM Airlines Group
13%
49,356 IndiGo
6%
Keine übereinstimmenden Quizze gefunden
Verteilung der Resultate
Anzahl Personen mit jedem Resultat
Perzentil nach korrekt beantworteten Fragen
Ihre Resultats-Entwicklung
Sie haben dieses Quiz noch nicht gespielt